A regional economic geography
Saved in:
| Main Author: | |
|---|---|
| Format: | Book |
| Language: | English |
| Published: |
Boston :
D. C. Heath and Company,
Boston
|
| Subjects: | |
| Tags: |
Add Tag
No Tags, Be the first to tag this record!
|
MARC
| LEADER | 00000nam a2200000 i 4500 | ||
|---|---|---|---|
| 001 | 1/83580 | ||
| 008 | 990608s1949 eng d | ||
| 035 | |l 10051385 | ||
| 040 | |a GR-MY-UA |b gre |e aacr | ||
| 041 | 0 | |a eng | |
| 082 | 0 | |a 330.9 | |
| 100 | 1 | |a Dicken, Samuel Newton |d 1901- | |
| 245 | 1 | 2 | |a A regional economic geography / |c Samuel Newton Dicken |
| 260 | |a Boston : |b D. C. Heath and Company, |c Boston | ||
| 300 | |a ix, 516 p. | ||
| 504 | |a Includes bibliography and index | ||
| 650 | 0 | 0 | |a Economic geography. |
| 852 | |a INST |b CHIOS |e 19990608 |h 330.9 DIC |p 005200014297 |q 005200014297 |t BK |y 0 | ||
| 901 | |a BIBL2-1999-2 | ||
| 909 | |a Χ |b 055546 | ||
| 922 | |a 2ΔΩΡ |b 199906 |d ΛΕΜΟΝΙΑ | ||